ბათუმის შოთა რუსთაველის სახელმწიფო უნივერსიტეტის ბიბლიოთეკა

ჩანაწერი Personal Name

ჩანაწერთა რაოდენობა, რომელიც გამოყენებულია: 1

001 - CONTROL NUMBER

  • control field: 9019

003 - CONTROL NUMBER IDENTIFIER

  • control field: GE_BSU

005 - DATE AND TIME OF LATEST TRANSACTION

  • control field: 20200702140717.0

008 - FIXED-LENGTH DATA ELEMENTS

  • fixed length control field: 200702|| aca||aabn | a|a d

040 ## - CATALOGING SOURCE

  • Original cataloging agency: GE_BSU
  • Transcribing agency: GE_BSU

100 ## - HEADING--PERSONAL NAME

  • Personal name: Woolf, Solomon,
  • Dates associated with a name: 1841-1911.

670 ## - SOURCE DATA FOUND

  • Source citation: Work cat.: (GE_BSU)0: Woolf, Solomon, 1841-1911., An elementary course in descriptive geometry /, 1888.